000 00335nam a2200133Ia 4500
008 150201s2008 xx 000 0 und d
082 _a612.015
_bV08D
100 _aDEB, A.C.
245 _aVIVA & PRACTICAL BIOCHEMISTRY
250 _a2ND
260 _bNEW CENTRAL BOOK AGENCY
_aDELHI
_c2008
650 _aBIOCHEMISTRY
942 _2ddc
_cBK
_07
999 _c904
_d904